| 000 | 00494nam a2200157Ia 4500 | ||
|---|---|---|---|
| 008 | 160316s2009 xxu||||| |||| 00| 0 eng d | ||
| 082 |
_a333.911600 _bFIS |
||
| 100 | _aFisher Douglas | ||
| 245 | _aThe law and governance of water resources : The challenge of sustainability | ||
| 250 | _a | ||
| 260 |
_aLondon _bEdward Elgar _c2009 |
||
| 300 |
_a385p _b _cxiii |
||
| 365 | _b Rs. 9,137 | ||
| 650 | _a1. Water Resources Development - Law & Legislation 2. Sustainable Development | ||
| 700 |
_a _a |
||
| 999 |
_c31589 _d31589 |
||